书目信息 |
| 题名: |
环境化学
|
|
| 作者: | 王红云 , 赵连俊 主编 | |
| 分册: | ||
| 出版信息: | 北京 化学工业出版社 2004 |
|
| 页数: | 194页 | |
| 开本: | 26cm | |
| 丛书名: | ||
| 单 册: | ||
| 中图分类: | X13 | |
| 科图分类: | ||
| 主题词: | 环境化学--高等教育--教材 , 环境化学 | |
| 电子资源: | ||
| ISBN: | 7-5025-4990-0 | |
| 000 | 00889nam0 2200265 450 | |
| 001 | 002679270 | |
| 005 | 20070720111800.25 | |
| 010 | @a7-5025-4990-0@dCNY21.00 | |
| 100 | @a20040709e20072004em y0chiy0110 ea | |
| 101 | 0 | @achi |
| 102 | @aCN@b110000 | |
| 105 | @ay z 000yy | |
| 106 | @ar | |
| 200 | 1 | @a环境化学@Ahuan jing hua xue@f王红云,赵连俊主编@Fwang hong yun, zhao lian jun zhu bian |
| 210 | @a北京@c化学工业出版社@d2004@h2007重印 | |
| 215 | @a194页@d26cm | |
| 300 | @a教育部高职高专规划教材 高职高专环境教材 | |
| 330 | @a该书内容包括大气环境化学、水环境化学、土壤环境化学、污染物在生物体内的迁移转化、典型污染物在环境各圈层中的循环等。 | |
| 606 | 0 | @a环境化学@x高等教育@j教材 |
| 606 | 0 | @a环境化学 |
| 690 | @aX13@v4 | |
| 701 | 0 | @a王红云@Awang hong yun@c(分析化学)@4主编 |
| 701 | 0 | @a赵连俊@Azhao lian jun@4主编 |
| 801 | 0 | @aCN@bNLC@c20070720 |
| 905 | @dX13@e134@f5 | |
| 环境化学/王红云,赵连俊主编.-北京:化学工业出版社,2004(2007重印) |
| 194页;26cm |
| 教育部高职高专规划教材 高职高专环境教材 |
| ISBN 7-5025-4990-0:CNY21.00 |
| 该书内容包括大气环境化学、水环境化学、土壤环境化学、污染物在生物体内的迁移转化、典型污染物在环境各圈层中的循环等。 |
| ● |
| 相关链接 |
|
|
|
|
正题名:环境化学
索取号:X13/134
 
预约/预借
| 序号 | 登录号 | 条形码 | 馆藏地/架位号 | 状态 | 备注 |
| 1 | 0850142 | 208501423 | 第二样本阅览室/ [索取号:X13/134] | 在馆 | |
| 2 | 0850143 | 208501432 | 第三借阅区/ [索取号:X13/134] | 在馆 | |
| 3 | 0850144 | 208501441 | 第三借阅区/ [索取号:X13/134] | 在馆 | |
| 4 | 0850145 | 208501450 | 第三借阅区/ [索取号:X13/134] | 在馆 | |
| 5 | 0850146 | 208501469 | 第三借阅区/ [索取号:X13/134] | 在馆 |